000 00256nam a2200109Ia 4500
008 220204s9999 xx 000 0 und d
082 _a82-3
_bUHN;3
100 _aUhnak, Dorothy
245 4 _aThe Investigation
260 _aLondon
_bArrow
_c1983
942 _cBK
999 _c28010
_d28010